[Event "Goch op 20th"]
[Site "Goch"]
[Date "2009.10.03"]
[Round "4"]
[White "Ratzmann, Stefan"]
[Black "Rettenbacher, Stefan"]
[Result "1/2-1/2"]
[WhiteElo "1984"]
[BlackElo "2110"]
[PlyCount "42"]
[EventDate "2009.10.01"]
[EventType "swiss"]
[EventRounds "7"]
[EventCountry "GER"]
[SourceTitle "EXT 2011"]
[Source "ChessBase"]
[SourceDate "2010.11.26"]
[SourceVersion "1"]
[SourceVersionDate "2010.11.26"]
[SourceQuality "1"]

1. d4 Nf6 2. Nf3 g6 3. Nc3 d5 4. Bf4 Bg7 5. Qd2 Ne4 6. Nxe4 dxe4 7. Ne5 Nd7 8. Nxd7 Qxd7 9. e3 0-0 10. Bc4 b5 11. Be2 Bb7 12. 0-0 c5 13. Rfd1 Rfd8 14. Qa5 cxd4 15. Qxb5 Qxb5 16. Bxb5 dxe3 17. Rxd8+ Rxd8 18. Bxe3 a6 19. Be2 Be5 20. c3 a5 21. Rd1 Rxd1+ 1/2-1/2

[Event "Goch op 19th"]
[Site "Goch"]
[Date "2008.10.12"]
[Round "6"]
[White "Rettenbacher, Stefan"]
[Black "Schluenss, Florian"]
[Result "1/2-1/2"]
[WhiteElo "2129"]
[BlackElo "1976"]
[PlyCount "136"]
[EventDate "2008.10.09"]
[EventType "swiss"]
[EventRounds "7"]
[EventCountry "GER"]
[SourceTitle "EXT 2011"]
[Source "ChessBase"]
[SourceDate "2010.11.26"]
[SourceVersion "1"]
[SourceVersionDate "2010.11.26"]
[SourceQuality "1"]

1. e4 c6 2. d4 d5 3. Nc3 dxe4 4. Nxe4 Bf5 5. Ng3 Bg6 6. Nf3 Nd7 7. h4 h6 8. h5 Bh7 9. Bd3 Bxd3 10. Qxd3 e6 11. Bd2 Qc7 12. 0-0-0 Ngf6 13. Kb1 Bd6 14. Ne4 Nxe4 15. Qxe4 0-0-0 16. c4 Nf6 17. Qe2 Rhe8 18. Bc3 c5 19. Rc1 cxd4 20. Nxd4 Bc5 21. Nb3 Rd7 22. Rh3 Red8 23. Rg3 Bxf2 24. Rxg7 Qf4 25. c5 Qe4+ 26. Qxe4 Nxe4 27. Ba5 f5 28. Rg6 Re8 29. c6 Rh7 30. cxb7+ Kxb7 31. Bb4 Bb6 32. Na5+ Kb8 33. Nc4 Bc7 34. Bc3 Ng3 35. Re1 Nxh5 36. Rexe6 Rxe6 37. Rxe6 Nf4 38. Re8+ Kb7 39. Rg8 Re7 40. Rf8 Nxg2 41. Rxf5 Ne3 42. Nxe3 Rxe3 43. Rf7 Re6 44. Rh7 Kc6 45. Bd2 a6 46. Kc2 Bd8 47. Rxh6 Rxh6 48. Bxh6 Bf6 49. b3 Kb5 50. a4+ Kc6 51. Kd3 a5 52. Be3 Kb7 53. Kc4 Ka6 54. Bd4 Bh4 55. Bc3 Be7 56. Kd5 Bf8 57. Kc6 Be7 58. Bd4 Bf8 59. Bc5 Bh6 60. Bb6 Bd2 61. Bd8 Bb4 62. Kd5 Be1 63. Kc4 Bb4 64. Bf6 Bf8 65. Bc3 Be7 66. b4 Bxb4 67. Bxb4 axb4 68. Kxb4 Kb6 1/2-1/2

[Event "Goch op 17th"]
[Site "Goch"]
[Date "2006.10.13"]
[Round "3"]
[White "Hintze, Helge"]
[Black "Rettenbacher, Stefan"]
[Result "1-0"]
[WhiteElo "2322"]
[BlackElo "2114"]
[PlyCount "131"]
[EventDate "2006.10.12"]
[EventType "swiss"]
[EventRounds "7"]
[EventCountry "GER"]
[SourceTitle "EXT 2008"]
[Source "ChessBase"]
[SourceDate "2007.11.25"]
[SourceVersion "1"]
[SourceVersionDate "2007.11.25"]
[SourceQuality "1"]

1. Nf3 Nf6 2. c4 g6 3. Nc3 c5 4. g3 Bg7 5. Bg2 0-0 6. 0-0 d5 7. cxd5 Nxd5 8. Nxd5 Qxd5 9. d3 Qd6 10. Rb1 Nc6 11. b3 Rb8 12. Bb2 Bxb2 13. Rxb2 b6 14. Qd2 Bb7 15. Rc1 Ne5 16. Nxe5 Qxe5 17. Bxb7 Rxb7 18. Rbc2 Rd7 19. Qe3 Qxe3 20. fxe3 e5 21. Rc4 Re8 22. b4 cxb4 23. Rxb4 h5 24. Kf2 Kg7 25. Rc6 Rde7 26. a4 Re6 27. Rc2 R8e7 28. Rb5 Rf6+ 29. Kg2 Rd6 30. h3 f6 31. Rb4 Rdd7 32. Rbc4 Kf7 33. g4 hxg4 34. hxg4 Re6 35. Rc8 Re8 36. Rxe8 Kxe8 37. Rc6 Ke7 38. g5 fxg5 39. Rxg6 Kf7 40. Rc6 Re7 41. Kg3 Re6 42. Rc4 Kf6 43. Kg4 Rd6 44. Rc7 a6 45. Ra7 a5 46. Rb7 Re6 47. Rh7 Kg6 48. Rh5 b5 49. Rxg5+ Kf6 50. axb5 Rb6 51. Rh5 Rxb5 52. Rh6+ Kg7 53. Ra6 Rc5 54. Kf5 Rb5 55. Re6 Rb2 56. Kxe5 Rxe2 57. e4 Rh2 58. Ra6 Kf7 59. Kd5 Rd2 60. d4 Ra2 61. e5 a4 62. Ra7+ Kf8 63. Ke6 a3 64. d5 Rh2 65. Ra8+ Kg7 66. Rxa3 1-0